000 00469nam a2200181Ia 4500
001 7613
005 20260306160508.0
008 260306t2013||||xx |||||||||||||| ||spa||
041 _aESP
082 _a352.283
_bM96
100 _aMuñoz Portugal, Ricardo
_eAUT
245 0 _aDescentralización del desarrollo:
_bperspectivas del proceso peruano
260 _c2013
300 _a514 páginas :
_c24 cm.
650 _aGEN
654 _aCAN
942 _cLIB
_dJUS
_fJUS
_2ddc
_n
999 _c7613
_d7613